| 000 | 00326nam a2200121Ia 4500 | ||
|---|---|---|---|
| 005 | 20251222144918.0 | ||
| 008 | 251222s9999||||xx |||||||||||||| ||spa|| | ||
| 082 | _a362.785/R23 | ||
| 100 | _aRamírez Ramírez, Rofilia | ||
| 245 | 0 | _aVisión del Trabajo Infantil y Adolescente en el Perú: 2001 | |
| 264 | _bINEI | ||
| 942 | _cLIB | ||
| 999 |
_c22612 _d22612 |
||